| 000 | 00825cam a2200205 4500 | ||
|---|---|---|---|
| 008 | 030204n2003 000 0 eng u | ||
| 035 | _a(Sirsi) u121232 | ||
| 245 | _aLand values | ||
| 260 | _c2003 | ||
| 490 |
_aFarmers' Weekly _v138(5) 31 January 2003, 79(1) |
||
| 520 | _aLand agents remain confident that farm values will remain stable at least over the next six months despite predictions of an immediate collapse in prices. However, in the home counties and London demand is only strong where the properties are reasonably priced and a possbile war with Iraq and rising levels of debt are now affecting the market. | ||
| 590 | _aWB | ||
| 650 | _aPROPERTY PRICES | ||
| 650 | _aLAND VALUES | ||
| 650 | _aRURAL PROPERTY | ||
| 650 | _aSTRUTT & PARKER | ||
| 650 | _aDEFRA | ||
| 690 | _aRURAL-MARKET | ||
| 942 | _n0 | ||
| 999 |
_c72047 _d72047 |
||